Environmental movements, state and civil society (Record no. 123997)

MARC details
000 -LEADER
fixed length control field 00538nam a2200217Ia 4500
008 - FIXED-LENGTH DATA ELEMENTS--GENERAL INFORMATION
fixed length control field 210210b2016 xxu||||| |||| 00| 0 eng d
020 ## - INTERNATIONAL STANDARD BOOK NUMBER
International Standard Book Number 9788131607671
041 ## - LANGUAGE CODE
Language code of text/sound track or separate title eng
082 ## - DEWEY DECIMAL CLASSIFICATION NUMBER
Classification number 363.700954 NAIE
100 ## - MAIN ENTRY--PERSONAL NAME
Personal name NAIK (Iswar Chandra)
245 ## - TITLE STATEMENT
Title Environmental movements, state and civil society
260 ## - PUBLICATION, DISTRIBUTION, ETC.
Place of publication, distribution, etc. Jaipur
Name of publisher, distributor, etc. Rawat Publications
Date of publication, distribution, etc. 2016
300 ## - PHYSICAL DESCRIPTION
Extent 263
650 ## - SUBJECT ADDED ENTRY--TOPICAL TERM
Topical term or geographic name entry element state
650 ## - SUBJECT ADDED ENTRY--TOPICAL TERM
Topical term or geographic name entry element society
650 ## - SUBJECT ADDED ENTRY--TOPICAL TERM
Topical term or geographic name entry element movements,
650 ## - SUBJECT ADDED ENTRY--TOPICAL TERM
Topical term or geographic name entry element Environmental
650 ## - SUBJECT ADDED ENTRY--TOPICAL TERM
Topical term or geographic name entry element civil
690 ## - LOCAL SUBJECT ADDED ENTRY--TOPICAL TERM (OCLC, RLIN)
Topical term or geographic name as entry element Environment
906 ## - LOCAL DATA ELEMENT F, LDF (RLIN)
a 074207
Holdings
Withdrawn status Lost status Damaged status Not for loan Collection code Home library Current library Shelving location Date acquired Source of acquisition Cost, normal purchase price Total Checkouts Full call number Barcode Date last seen Date last checked out Price effective from Koha item type
          St Aloysius Library St Aloysius Library   02/17/2021 Biblios Book Point, Surathkal-575014 950.00 2 363.700954 NAIE 074207 09/01/2025 08/19/2025 02/17/2021 Book